[Event "HUN-chT2 Barcza 1415"]
[Site "Hungary"]
[Date "2015.04.26"]
[Round "?"]
[White "Tordai, Akos"]
[Black "Vodila, Martin Botond"]
[Result "1-0"]
[WhiteElo "1762"]
[BlackElo "1739"]
[PlyCount "155"]
[EventDate "2014.09.07"]
[EventType "team-tourn"]
[EventRounds "11"]
[EventCountry "HUN"]
[SourceTitle "EXT 2016"]
[Source "ChessBase"]
[SourceDate "2015.10.08"]
[SourceVersion "1"]
[SourceVersionDate "2015.10.08"]
[SourceQuality "1"]
[WhiteTeam "Piremon"]
[BlackTeam "Edeleny"]
[WhiteTeamCountry "HUN"]
[BlackTeamCountry "HUN"]

1. e4 d5 2. exd5 Qxd5 3. d4 Nc6 4. Be3 Bf5 5. c3 0-0-0 6. Nd2 e5 7. Ngf3 exd4 8. Bc4 Qd7 9. cxd4 Bg4 10. Qa4 Bxf3 11. Nxf3 Bb4+ 12. Kf1 Bd6 13. Bb5 a6 14. Bxa6 Nb8 15. Bb5 c6 16. Rc1 Bc7 17. Bd3 Ne7 18. Ng5 Nd5 19. Qc2 Nb4 20. Bf5 Nxc2 21. Bxd7+ Rxd7 22. Rxc2 h6 23. Nf3 Rd5 24. Ke2 Re8 25. Rhc1 f5 26. Kf1 Nd7 27. b4 f4 28. Bd2 g5 29. Bc3 Bb6 30. Rd2 g4 31. Ng1 Nf6 32. f3 h5 33. Re1 Rxe1+ 34. Kxe1 Rd8 35. a3 Nd5 36. Bb2 Ne3 37. Ba1 Bxd4 38. Bxd4 Rxd4 39. Rxd4 Nc2+ 40. Kd2 Nxd4 41. Kd3 Nf5 42. Ne2 g3 43. h3 Kd7 44. Nxf4 h4 45. Ne2 b5 46. Nc3 Ke6 47. Ke4 Nd6+ 48. Kf4 Nc4 49. a4 bxa4 50. Nxa4 Ne5 51. Ke4 Nc4 52. Nc3 Nd6+ 53. Kf4 Nf5 54. b5 c5 55. b6 Nd4 56. b7 Nc6 57. Ke4 Kd6 58. Nb5+ Ke6 59. f4 c4 60. Nc7+ Kd6 61. Na6 c3 62. Kd3 Kd5 63. b8Q Nxb8 64. Nxb8 c2 65. Kxc2 Ke4 66. f5 Ke3 67. f6 Kf2 68. f7 Kxg2 69. f8Q Kxh3 70. Qf4 g2 71. Qf3+ Kh2 72. Qf2 h3 73. Nc6 Kh1 74. Qf3 Kh2 75. Ne5 Kg1 76. Qxh3 Kf2 77. Nd3+ Kf1 78. Nf4 1-0

[Event "HUN-chT2 Barcza 1213"]
[Site "Hungary"]
[Date "2012.09.16"]
[Round "1.12"]
[White "Sike, Tamas"]
[Black "Tordai, Akos"]
[Result "1-0"]
[WhiteElo "1834"]
[BlackElo "1609"]
[PlyCount "61"]
[EventDate "2012.09.16"]
[EventType "team-tourn"]
[EventRounds "11"]
[EventCountry "HUN"]
[SourceTitle "EXT 2014"]
[Source "ChessBase"]
[SourceDate "2013.11.20"]
[SourceVersion "1"]
[SourceVersionDate "2013.11.20"]
[SourceQuality "1"]
[WhiteTeam "Kazincbarcika"]
[BlackTeam "Piremon"]
[WhiteTeamCountry "HUN"]
[BlackTeamCountry "HUN"]

1. e4 d6 2. d4 Nf6 3. Nc3 g6 4. f3 Nbd7 5. Be3 e5 6. d5 Nh5 7. Qd2 f5 8. 0-0-0 f4 9. Bf2 Bg7 10. g3 0-0 11. g4 Nhf6 12. h4 a6 13. Nh3 h6 14. g5 Nh5 15. gxh6 Bxh6 16. Rg1 Kg7 17. Ng5 Ndf6 18. Ne6+ Bxe6 19. dxe6 Qe7 20. Bh3 Rad8 21. Nd5 Nxd5 22. exd5 Ng3 23. Kb1 Qxh4 24. Qc3 Qe7 25. Bxg3 fxg3 26. Rxg3 Bf4 27. Rg2 Rh8 28. Bf5 g5 29. Rdg1 Rh5 30. Rg4 Rh4 31. Rxh4 1-0

[Event "HUN-chT2 Barcza 1112 "]
[Site "Hungary"]
[Date "2012.03.11"]
[Round "7"]
[White "Ordog, Aron"]
[Black "Tordai, Akos"]
[Result "0-1"]
[WhiteElo "1541"]
[BlackElo "1518"]
[PlyCount "120"]
[EventDate "2011.09.25"]
[EventType "team-tourn"]
[EventRounds "11"]
[EventCountry "HUN"]
[SourceTitle "EXT 2013"]
[Source "ChessBase"]
[SourceDate "2012.11.22"]
[SourceVersion "1"]
[SourceVersionDate "2012.11.22"]
[SourceQuality "1"]
[WhiteTeam "Mezokovesd"]
[BlackTeam "Piremon"]
[WhiteTeamCountry "HUN"]
[BlackTeamCountry "HUN"]

1. d4 Nf6 2. Bg5 d5 3. c4 c6 4. Nc3 Bf5 5. e3 e6 6. Bd3 Bxd3 7. Qxd3 Be7 8. Nf3 Nbd7 9. 0-0 0-0 10. e4 dxe4 11. Nxe4 Nxe4 12. Bxe7 Qxe7 13. Qxe4 Nb6 14. b3 Rad8 15. Rad1 Rd7 16. Rfe1 Rfd8 17. Qe5 Qa3 18. Re2 h6 19. Re4 Qf8 20. Rg4 c5 21. Kf1 cxd4 22. Rdxd4 Rxd4 23. Rxd4 Rxd4 24. Qxd4 Qe7 25. Ke2 Qd7 26. Qxd7 Nxd7 27. Kd3 Kf8 28. Kd4 Ke7 29. Ne5 Nxe5 30. Kxe5 f6+ 31. Kd4 Kd6 32. c5+ Kc6 33. a4 a5 34. Kc4 e5 35. b4 axb4 36. Kxb4 f5 37. Kc4 g5 38. f3 h5 39. h3 h4 40. Kb4 e4 41. fxe4 fxe4 42. Kc4 e3 43. Kd3 Kxc5 44. Kxe3 Kb4 45. Kf3 Kxa4 46. Kg4 b5 47. Kxg5 b4 48. Kxh4 b3 49. g4 b2 50. g5 b1Q 51. Kg4 Qg6 52. h4 Kb5 53. h5 Qe4+ 54. Kg3 Kc6 55. g6 Kd6 56. Kh3 Ke7 57. g7 Kf7 58. h6 Qg6 59. h7 Qxh7+ 60. Kg4 Qxg7+ 0-1